| 000 | 00727nam a2200289Ia 4500 | ||
|---|---|---|---|
| 005 | 20260324124543.0 | ||
| 008 | 008 260324s9999 xx 000 0 eng d | ||
| 020 | _a9780429213069 | ||
| 037 | _aEBOOK | ||
| 040 | _aCRL | ||
| 040 | _beng | ||
| 040 | _cCRL | ||
| 041 | _2eng | ||
| 041 | _aeng | ||
| 084 | _qCRL | ||
| 100 |
_aMasaharu Kumashiro _91174604 |
||
| 245 | 0 | _aErgonomic Trends from the East | |
| 245 | 0 | _bProceedings of Ergonomic Trends from the East, Japan, 12-14 November 2008 | |
| 260 | _bTaylor and Francis | ||
| 260 | _c2010 | ||
| 365 | _a | ||
| 365 | _b120 | ||
| 856 | _uhttp://www.taylorfrancis.com/books/9780429213069 | ||
| 942 | _cEBOOK | ||
| 999 |
_c1769075 _d1769075 |
||